Equilibrio Ácido-Base. (Registro nro. 675)

Detalles MARC
000 -LEADER
fixed length control field 00856 am a2200241 a 4500
005 - FECHA ULTIMA MODIFICACION
control field 20240701134526.0
008 - CAMPO DE CONTROL (LIBRO)
fixed length control field 100902s1973||||ag d f |||| 001 0 spa d
020 ## - INTERNATIONAL STANDARD BOOK NUMBER
ISBN S/N
041 ## - CODIGO DE IDIOMA
Código de idioma del texto/pista de sonido o título separado spa
092 ## - SIGNATURA TOPOGRAFICA DEWEY LOCAL
número de clasificación 612.39
libristica 51
sección MAS
100 1# - ENTRADA PRINCIPAL--NOMBRE PERSONAL
Nombre personal Masoro, Edward J.
9 (RLIN) 1367
245 ## - TITULO PROPIAMENTE DICHO
Título Equilibrio Ácido-Base.
Subtítulo y Título paralelo Su fisiología y fisiopatología /
Mención de responsabilidad y remanente de la transcripción de la portada Edward J. Masoro
250 ## - MENCION DE EDICION
Mención de edición 1a ed.
Mención de responsabilidad relacionada con la ed. Traducción Thamara Hormaechea y Kurt Brainin.
260 ## - PIE DE IMPRENTA
Lugar de publicación, distribución, etc Buenos Aires:
Nombre de la editorial, distribuidor, etc Editorial Médica Panamericana;
Fecha de publicación 1973.
300 ## - DESCRIPCION FISICA
Extension 186 p.
500 ## - NOTA GENERAL
Nota general Masoro, E. J. y Siegel, P. D. (1973). Equilibrio Ácido-Base. Su fisiología y fisiopatología. (1a ed.). Buenos Aires : Editorial Médica Panamericana.
653 ## - TÉRMINO INDIZADO - PALABRAS CLAVES
Palabra clave Fisiología
653 ## - TÉRMINO INDIZADO - PALABRAS CLAVES
Palabra clave Fisiopatología
653 ## - TÉRMINO INDIZADO - PALABRAS CLAVES
Palabra clave Equilibrio ácido-base
700 1# - ENTRADAS SECUNDARIAS - NOMBRE PERSONAL
Nombre personal Siegel, Paul D.
9 (RLIN) 1368
930 ## - NUMERO DE INVENTARIO
Número de inventario 402
942 ## - ADDED ENTRY ELEMENTS (KOHA)
Source of classification or shelving scheme Dewey Decimal Classification
Item type Libros
Existencias
Estado de retiro Existencia Estado general No para prestamo Ubicación permanente ubicación actual Sala de ubicación Fecha de adquisición Total Checkouts Número de clasificación Código de barras Date last seen Date last borrowed Número de ejemplar Price effective from Koha tipo de elemento (item)
        Biblioteca Medicina Biblioteca Medicina Circulación 13/05/2011 3 612.39 51 MAS 402 06/11/2014 20/09/2012 ej.1 13/05/2011 Libros

UNIVERSIDAD NACIONAL DEL COMAHUE
Biblioteca de la Facultad de Ciencias Médicas
Sede Toschi: Los Arrayanes y Av. Toschi, Cipolletti  - Rio Negro
Sede Los Tordos:  Yrigoyen al 2211, Cipolletti - Rio Negro 

Teléfono: 0299 - 4774707 int 25
Contacto: biblioteca@facimed.uncoma.edu.ar
© 2011 - 2026